LEADER 00973nam a2200229 i 4500 001 000000237008 003 CaOOAMICUS 005 20141216000000.0 008 141216s1962 it u000 u ita u 013 $a215913 040 $aSeMil$bita 100 1 $aBaget Bozzo, Gianni,$c.$0(OLS)http://semarc/name/11146 245 10$aCristianesimo e ordine civile /$cGiovanni Baget - Bozzo. 260 $a[Roma] :$bEdizioni romane Mame,$cstampa 1962. 300 $a144 p. ;$c19 cm. 490 0 $aProblemi della Chiesa ;$v8 650 4$aCristianesimo - Rapporti [con la] Società.$0(OLS)http://semarc/subject/49907 830 0$aProblemi della Chiesa ;$v8.$0(OLS)http://semarc/title/13352 850 $aSeMil 852 $aSeMil$W1$xVenegono$y1$m3N I 288$j187354$B187354$CSeMilBibl$Z2$F198221 $81 996 $6245$aCristianesimo e ordine civile$9(OLS)http://semarc/title/337745 996 $6260$a[Roma] :$bEdizioni romane Mame$9(OLS)http://semarc/publisher/46936 LEADER 01887nam a2200301 i 4500 001 000000013537 003 CaOOAMICUS 005 20180830125441.0 008 180830s1957 it u000 u ita u 040 $aSeMil$bita 245 13$aIl primo processo per San Filippo Neri nel Codice Vaticano Latino 3798 e in altri esemplari dell'Archivio dell'Oratorio di Roma /$cEdito e annotato da Giovanni Incisa della Rocchetta e Nello Vian ; con la collaborazione del P. Carlo Gasbarri. 260 $aCittà del Vaticano :$bBiblioteca Apostolica Vaticana,$c1957-1960. 300 $a3 v. ;$c26 cm. 500 $aFondo Card. C.M. Martini. 650 4$aSanti - Canonizzazione.$0(OLS)http://semarc/subject/1571 650 4$aNeri, Filippo - Canonizzazione.$0(OLS)http://semarc/subject/2253 650 4$aCittà del Vaticano - Biblioteca Apostolica Vaticana - Manoscritti - Vaticano Latino 3798.$0(OLS)http://semarc/subject/2254 700 1 $aIncisa della Rocchetta, Giovanni.$0(OLS)http://semarc/name/6450 700 1 $aGasbarri, Carlo.$0(OLS)http://semarc/name/6451 700 1 $aVian, Nello,$d<1907-2000>.$0(OLS)http://semarc/name/4389 773 0 $tStudi e testi.$dCittà del Vaticano : Biblioteca Apostolica Vaticana, [19?]$w()89 774 0 $t1: Testimonianze dell'inchiesta romana.$kStudi e testi$gVolume1$w()139451 774 0 $tVolume 2..$kStudi e testi$gVolume2$w()139452 774 0 $t3: Testimonianze dell'inchiesta romana: 1610; Testimoninanze «extra urbem»: 1595-1599.$kStudi e testi$gVolume3$w()139453 774 0 $tVolume 4..$kStudi e testi$gVolume4$w()180051 941 1 $a4 996 $6245$aIl primo processo per San Filippo Neri nel Codice Vaticano Latino 3798 e in altri esemplari dell'Archivio dell'Oratorio di Roma$9(OLS)http://semarc/title/18057 996 $6260$aCittà del Vaticano :$bBiblioteca Apostolica Vaticana$9(OLS)http://semarc/publisher/29667